header

Identity papers (Record no. 244848)

MARC details
000 -LEADER
fixed length control field 01436nam a2200373Ia 4500
082 04 - DEWEY DECIMAL CLASSIFICATION NUMBER
Classification number 944.08
245 00 - TITLE STATEMENT
Title Identity papers
260 ## - PUBLICATION, DISTRIBUTION, ETC. (IMPRINT)
Place of publication Minneapolis, Minn. :
Name of publisher University of Minnesota Press,
Year of publication c1996.
300 ## - PHYSICAL DESCRIPTION
Number of Pages ix, 299 p.
650 #0 - SUBJECT ADDED ENTRY--TOPICAL TERM
Topical Term National characteristics, French.
Topical Term Multiculturalism
Topical Term Nationalism in literature.
Topical Term Ethnicity
700 1# - ADDED ENTRY--PERSONAL NAME
Personal name Ungar, Steven,
Personal name Conley, Tom.
856 40 - ELECTRONIC LOCATION AND ACCESS
Uniform Resource Identifier http://site.ebrary.com/lib/rucke/Doc?id=10159575

No items available.

© 2026 Rongo University
Contact us: librarian | system librarian | Rongo university